[Event "www.ChessWorld.net server game"]
[Site "www.ChessWorld.net "]
[Date "2007.6.9"]
[Round "NA"]
[White "joselito"]
[Black "notverydeepblue"]
[Result "0-1"]
[Termination "White resigned"]
[WhiteElo "1278"]
[BlackElo "1373"]
[Mode "ICS"]
[DateLastMove "2007.6.11"]
[Board "3801021"]

1.e4 e5 2.Nf3 Nc6 3.Bb5 Bd6 4.Nc3 Nf6 5.O-O O-O 6.d3 Nd4 7.Nxd4 exd4 8.Nd5 Nxd5 9.exd5 a6 10.Bc4 b5 11.Bb3 Re8 12.Qg4 Qe7 13.Bh6 g6 14.Qxd4 Be5 15.Qg4 d6 16.Qf3 Bxb2 17.Rae1 Qxe1 18.h3 Qe7 19.Rb1 Bf6 20.a3 Qe5 21.a4 b4 22.Rd1 Qe7 23.a5 Qe5 24.Ba4 Re7 25.Bc6 Rb8 26.Ra1 Qxa1+ 27.Kh2 Be5+ 28.g3 Qb2 29.Bg5 f6 30.Bh6 Qxc2 31.h4 b3 32.Ba4 f5 33.h5 Rb4 {White resigned} 0-1

[Event "www.ChessWorld.net server game"]
[Site "www.ChessWorld.net "]
[Date "2007.6.10"]
[Round "NA"]
[White "joselito"]
[Black "rkchary"]
[Result "0-1"]
[Termination "White king mated"]
[WhiteElo "1388"]
[BlackElo "1104"]
[Mode "ICS"]
[DateLastMove "2007.7.2"]
[Board "3805594"]

1.e4 a6 2.Bc4 e6 3.Nf3 Bc5 4.h3 Nf6 5.Ng5 h6 6.Nf3 Nxe4 7.O-O d5 8.Bb3 Qf6 9.d4 Bb6 10.Be3 c5 11.dxc5 Ba5 12.Bd4 Qf5 13.Bxg7 Rg8 14.Nh4 Qg5 15.Qg4 Rxg7 16.Nf3 Qxg4 17.g3 Qxf3 18.h4 Nxg3 19.fxg3 Qxg3+ 20.Kh1 Qg2+ {White king mated} 0-1

[Event "www.ChessWorld.net server game"]
[Site "www.ChessWorld.net "]
[Date "2007.6.10"]
[Round "NA"]
[White "joselito"]
[Black "birchy123"]
[Result "0-1"]
[Termination "White king mated"]
[WhiteElo "1427"]
[BlackElo "1472"]
[Mode "ICS"]
[DateLastMove "2007.7.11"]
[Board "3805595"]

1.e4 e5 2.Bc4 Nf6 3.d4 d6 4.dxe5 Nxe4 5.Qe2 d5 6.Bb5+ c6 7.Bd3 Nc5 8.Nf3 Bg4 9.Be3 Nxd3+ 10.Qxd3 Bxf3 11.gxf3 c5 12.Na3 c4 13.Qc3 Nc6 14.O-O-O Bxa3 15.Qxa3 Qe7 16.Qxe7+ Nxe7 17.Rhg1 g6 18.Bc5 Rd8 19.Bxa7 Ra8 20.Bc5 Rxa2 21.Bxe7 Kxe7 22.Kd2 Rxb2 23.f4 d4 24.Kc1 Rb6 25.Rg2 Rd8 26.Kd2 Ra8 27.Ke2 Ra2 28.Kd2 Rb3 29.f3 Rxf3 30.Re2 Rd3+ 31.Ke1 Rxd1+ 32.Kxd1 Ra1+ 33.Kd2 b5 34.Re4 d3 35.cxd3 Ra2+ 36.Kc3 Rxh2 37.dxc4 bxc4 38.Kxc4 h5 39.Kd5 h4 40.Ra4 Rd2+ 41.Ke4 h3 42.Ra1 Ke6 43.Rh1 h2 44.Ke3 Ra2 45.Ke4 f6 46.exf6 Kxf6 47.Rf1 Rg2 48.Ke3 Rg1 49.Rf2 h1=Q 50.Rf3 Re1+ 51.Kd2 Qxf3 52.Kxe1 Kf5 53.Kd2 Ke4 54.f5 Qd3+ 55.Ke1 Ke3 56.fxg6 Qe2+ {White king mated} 0-1

[Event "www.ChessWorld.net server game"]
[Site "www.ChessWorld.net "]
[Date "2007.6.10"]
[Round "NA"]
[White "joselito"]
[Black "delural"]
[Result "0-1"]
[Termination "White king mated"]
[WhiteElo "1318"]
[BlackElo "1349"]
[Mode "ICS"]
[DateLastMove "2007.6.22"]
[Board "3805598"]

1.e4 e5 2.Bc4 Nf6 3.d3 c6 4.a3 b5 5.Ba2 d6 6.c3 Be7 7.Nf3 O-O 8.O-O Bd7 9.Ng5 d5 10.exd5 cxd5 11.Qf3 Bg4 12.Qg3 Nc6 13.f3 Bf5 14.Nxf7 Rxf7 15.Bh6 Bxd3 16.Rd1 Bc4 17.Bxc4 bxc4 18.Nd2 d4 19.Ne4 Nxe4 20.fxe4 Qb6 21.Rf1 dxc3+ 22.Kh1 Raf8 23.h3 cxb2 24.Rab1 Kh8 25.Bxg7+ Rxg7 26.Qe1 Rxf1+ 27.Qxf1 Qd4 28.Qe2 c3 29.Qb5 Qxe4 30.Rxb2 cxb2 31.Qxb2 Bg5 32.Qf2 Bf4 33.h4 Qb1+ 34.Qg1 Qc1 35.Qxc1 Bxc1 36.a4 e4 37.Kg1 Rf7 38.g4 Rf4 39.Kg2 Rxg4+ 40.Kf2 e3+ 41.Kf3 Rxh4 42.Kg3 Rxa4 43.Kf3 Ra2 44.Ke4 e2 45.Kd3 e1=Q 46.Kc4 Ra5 47.Kd3 Qh4 48.Kc3 Bh6 49.Kd3 Ra3+ 50.Ke2 Qh2+ 51.Ke1 Ra1+ {White king mated} 0-1

[Event "www.ChessWorld.net server game"]
[Site "www.ChessWorld.net "]
[Date "2007.6.10"]
[Round "NA"]
[White "joselito"]
[Black "briansky"]
[Result "0-1"]
[Termination "White resigned"]
[WhiteElo "1290"]
[BlackElo "1121"]
[Mode "ICS"]
[DateLastMove "2007.6.14"]
[Board "3805601"]

1.e4 e5 2.Nf3 Nc6 3.Bc4 Nge7 4.O-O f6 5.Nh4 d6 6.Nf5 Nxf5 7.exf5 Bxf5 8.d3 Qe7 9.c3 O-O-O 10.Qe2 a6 11.Qe3 g5 12.Bd5 Na5 13.Qa7 Kd7 14.Na3 c6 15.Bf3 g4 16.Bxc6+ Ke6 17.Nc4 Nxc6 18.Qe3 h6 19.h3 gxh3 20.gxh3 Qg7+ 21.Kh1 b5 22.Bd2 Be7 23.Rg1 Qf7 24.Nb6 Qh5 25.Qg3 Rhg8 26.Qh2 Qf3+ 27.Rg2 Bxh3 28.Rg1 Rg5 29.Bxg5 hxg5 30.Rf1 Rh8 31.Re1 Bxg2+ 32.Kg1 Rxh2 33.Kxh2 Qxf2 34.Rg1 Bf3+ {White resigned} 0-1

[Event "www.ChessWorld.net server game"]
[Site "www.ChessWorld.net "]
[Date "2007.6.10"]
[Round "NA"]
[White "joselito"]
[Black "JanAnton"]
[Result "0-1"]
[Termination "White resigned"]
[WhiteElo "1280"]
[BlackElo "1461"]
[Mode "ICS"]
[DateLastMove "2007.6.24"]
[Board "3805942"]

1.e4 e5 2.Bc4 Nf6 3.Qe2 Be7 4.Nf3 d5 5.Bb3 Nxe4 6.O-O c6 7.Nxe5 Nd7 8.Nxd7 Qxd7 9.d3 Nf6 10.Bg5 O-O 11.Nc3 h6 12.Bxf6 Bxf6 13.Rfe1 b5 14.g3 Qh3 15.a4 Bg4 16.f3 Be6 17.Qg2 Bd4+ 18.Kf1 Qh5 19.g4 Qh4 20.axb5 c5 21.Na4 c4 22.dxc4 dxc4 23.Ba2 Rab8 24.Re2 Rxb5 25.c3 Ra5 26.Re4 Bf6 27.g5 Rxg5 28.Rxh4 Rxg2 29.Re4 Rxh2 30.Nc5 Rh1+ {White resigned} 0-1

[Event "www.ChessWorld.net server game"]
[Site "www.ChessWorld.net "]
[Date "2007.6.10"]
[Round "NA"]
[White "joselito"]
[Black "David129617"]
[Result "0-1"]
[Termination "White king mated"]
[WhiteElo "1387"]
[BlackElo "1547"]
[Mode "ICS"]
[DateLastMove "2007.6.19"]
[Board "3805944"]

1.e4 c5 2.Nf3 Nc6 3.Bc4 h6 4.O-O e5 5.c3 Nf6 6.d4 cxd4 7.cxd4 exd4 8.Nxd4 Nxd4 9.Qxd4 Be7 10.e5 Nh7 11.Qd5 O-O 12.Qf3 d6 13.Qg3 dxe5 14.Bxh6 Ng5 15.Bxg5 Bxg5 16.Nc3 Re8 17.Ne4 Bh4 18.Qf3 Re7 19.Qh5 Rc7 20.Rac1 Bf6 21.Nxf6+ Qxf6 22.h3 g6 23.Qh6 Re7 24.h4 Be6 25.Bxe6 Rxe6 26.Rc2 Rc6 27.Rxc6 Qxc6 28.Re1 Rd8 29.h5 Qf6 30.hxg6 Qxg6 31.Qh4 Rd5 32.Qc4 Rd4 33.Qc8+ Kg7 34.Rxe5 Rd1+ 35.Kh2 Qh6+ 36.Qh3 Qf4+ 37.Qg3+ Qxg3+ 38.Kxg3 Rd2 39.f4 Rxb2 40.Kh3 Rxa2 41.g4 Ra4 42.Rf5 Re4 43.Kh4 b6 44.Kg5 a5 45.Kh5 a4 46.g5 a3 47.Rf6 a2 48.f5 a1=Q 49.Rg6+ fxg6+ 50.fxg6 Qh1+ {White king mated} 0-1

[Event "www.ChessWorld.net server game"]
[Site "www.ChessWorld.net "]
[Date "2007.6.10"]
[Round "NA"]
[White "joselito"]
[Black "ganapathyraman"]
[Result "0-1"]
[Termination "White king mated"]
[WhiteElo "1382"]
[BlackElo "1364"]
[Mode "ICS"]
[DateLastMove "2007.6.20"]
[Board "3805946"]

1.e4 e5 2.Bc4 Nf6 3.Nf3 h6 4.Nxe5 d5 5.exd5 Qe7 6.Qe2 Nfd7 7.d6 cxd6 8.O-O Nxe5 9.Bb5+ Bd7 10.Bxd7+ Nbxd7 11.d4 Nc6 12.Be3 g5 13.Nd2 Bg7 14.Nf3 O-O 15.b3 Nf6 16.c4 Rfe8 17.d5 Ne5 18.Nxe5 Qxe5 19.Qc2 b6 20.h3 Re7 21.Qe2 Rae8 22.Rae1 g4 23.hxg4 Ne4 24.Qf3 Qf6 25.a4 Qxf3 26.gxf3 Nc5 27.Rb1 a6 28.Bxc5 dxc5 29.b4 cxb4 30.d6 Rd7 31.Rbc1 Rxd6 32.Rce1 Rxe1 33.Rxe1 a5 34.Re8+ Bf8 35.Kg2 b3 36.Re1 b2 37.Rb1 Bg7 38.Kh3 Rc6 39.f4 Rxc4 40.f5 Rc1 41.Rxc1 bxc1=Q 42.Kh4 Bf6+ 43.Kg3 Qc3+ 44.f3 Be5+ 45.Kh4 Qxf3 46.Kh5 Bf4 47.f6 Qh3+ {White king mated} 0-1

[Event "www.ChessWorld.net server game"]
[Site "www.ChessWorld.net "]
[Date "2007.6.10"]
[Round "NA"]
[White "joselito"]
[Black "blagger"]
[Result "0-1"]
[Termination "White king mated"]
[WhiteElo "1313"]
[BlackElo "1461"]
[Mode "ICS"]
[DateLastMove "2007.6.22"]
[Board "3805947"]

1.e4 c6 2.Nf3 f6 3.Bc4 e6 4.O-O d5 5.exd5 cxd5 6.Bb3 Bd6 7.d4 g5 8.Ba4+ Bd7 9.Bxd7+ Qxd7 10.Nc3 Ne7 11.Be3 e5 12.dxe5 Bxe5 13.Nxe5 fxe5 14.Bxg5 Nbc6 15.Bxe7 Nxe7 16.Qf3 e4 17.Qh5+ Ng6 18.Nxd5 O-O-O 19.Nf6 Qg7 20.Nxe4 b6 21.c3 Rhe8 22.Qh3+ Kb7 23.f3 Nf4 24.Qg4 Qc7 25.Nf6 Re2 26.g3 Qc5+ 27.Kh1 Rdd2 28.gxf4 Rxh2+ {White king mated} 0-1

[Event "www.ChessWorld.net server game"]
[Site "www.ChessWorld.net "]
[Date "2007.6.10"]
[Round "NA"]
[White "joselito"]
[Black "Kippers Klueless"]
[Result "0-1"]
[Termination "White king mated"]
[WhiteElo "1303"]
[BlackElo "1545"]
[Mode "ICS"]
[DateLastMove "2007.6.22"]
[Board "3805948"]

1.e4 e5 2.Nf3 Bd6 3.Bc4 Nf6 4.O-O Nxe4 5.Qe2 Nc5 6.a3 O-O 7.b4 Ne6 8.d3 Nf4 9.Bxf4 exf4 10.Nbd2 Re8 11.Ne4 Be7 12.Ne5 d5 13.Bxd5 Qxd5 14.Nf3 Bg4 15.Nc3 Qc6 16.Ne4 Bf5 17.Ne5 Qe6 18.Ng5 Qf6 19.Ngxf7 Bd6 20.Nxd6 Rxe5 21.Ne4 Nc6 22.Nxf6+ gxf6 23.Qf3 Nd4 24.Qxf4 Ne2+ 25.Kh1 Nxf4 26.g3 Nh3 27.Rac1 Bg4 28.d4 Bf3+ {White king mated} 0-1

[Event "www.ChessWorld.net server game"]
[Site "www.ChessWorld.net "]
[Date "2007.6.10"]
[Round "NA"]
[White "joselito"]
[Black "deaklundlee"]
[Result "0-1"]
[Termination "White king mated"]
[WhiteElo "1383"]
[BlackElo "1445"]
[Mode "ICS"]
[DateLastMove "2007.6.19"]
[Board "3805954"]

1.e4 e5 2.Nf3 Nc6 3.Bc4 d6 4.c3 Nf6 5.Ng5 d5 6.Be2 Nxe4 7.Nxe4 dxe4 8.d3 exd3 9.Bxd3 Bd6 10.Nd2 O-O 11.Nf3 Re8 12.O-O f5 13.Bc2 e4 14.Nd4 f4 15.Nxc6 Qd7 16.Nd4 f3 17.gxf3 Qh3 18.fxe4 Qxh2+ {White king mated} 0-1

[Event "www.ChessWorld.net server game"]
[Site "www.ChessWorld.net "]
[Date "2007.6.10"]
[Round "NA"]
[White "joselito"]
[Black "MrClardy"]
[Result "0-1"]
[Termination "White resigned"]
[WhiteElo "1450"]
[BlackElo "1476"]
[Mode "ICS"]
[DateLastMove "2007.7.18"]
[Board "3806054"]

1.e4 e5 2.Bc4 Nf6 3.Bb3 Nc6 4.Nf3 Bc5 5.O-O d6 6.c4 Be6 7.h3 O-O 8.d3 Nd4 9.Be3 Nxf3+ 10.Qxf3 Bb6 11.Bxb6 axb6 12.Bc2 c5 13.Nc3 Ra7 14.Nb5 Ra5 15.Qg3 Nh5 16.Qf3 Nf4 17.a3 Qg5 18.Nxd6 Bxh3 19.Kh2 Bxg2 20.Qg3 Qh6+ {White resigned} 0-1

[Event "www.ChessWorld.net server game"]
[Site "www.ChessWorld.net "]
[Date "2007.6.10"]
[Round "NA"]
[White "joselito"]
[Black "Roderick64"]
[Result "0-1"]
[Termination "White resigned"]
[WhiteElo "1376"]
[BlackElo "1564"]
[Mode "ICS"]
[DateLastMove "2007.8.13"]
[Board "3806057"]

1.e4 e5 2.Bc4 Nf6 3.Qe2 d6 4.Nf3 h6 5.O-O Bg4 6.c3 a6 7.d3 Nc6 8.h3 Bxf3 9.Qxf3 g6 10.b4 b5 11.Bd5 Nxd5 12.exd5 Ne7 13.c4 bxc4 14.dxc4 Nf5 15.Bb2 Nh4 16.Qe4 Rg8 17.Nd2 f5 18.Qe1 Qg5 19.g3 e4 20.Kh2 O-O-O 21.Bc1 e3 22.fxe3 Re8 23.gxh4 Qf6 24.e4 Qxa1 25.Nb3 Qxa2+ 26.Nd2 fxe4 27.Kh1 Qc2 28.Qe3 g5 29.Qa7 gxh4 30.Qxa6+ Kd7 31.Qb5+ Ke7 32.Re1 Kf7 33.Rf1+ Ke7 34.Qc6 Rd8 35.Qxc7+ Rd7 36.Qb6 Qd3 37.Qf2 Qxh3+ 38.Qh2 Qxh2+ 39.Kxh2 Ra7 40.Nxe4 Rg4 41.Nd2 Bg7 42.b5 Ra2 43.Re1+ Kd7 44.Kh3 Rd4 45.Nf3 Rxc4 46.Nxh4 Ra1 47.Ng6 Rc3+ 48.Kg4 Ra4+ 49.Bf4 Bf6 50.Kf5 Bg5 51.Re7+ Bxe7 52.Nxe7 Kxe7 53.Bxh6 Rc5 {White resigned} 0-1

[Event "www.ChessWorld.net server game"]
[Site "www.ChessWorld.net "]
[Date "2007.6.10"]
[Round "NA"]
[White "joselito"]
[Black "bttnpshrx"]
[Result "0-1"]
[Termination "White king mated"]
[WhiteElo "1400"]
[BlackElo "1392"]
[Mode "ICS"]
[DateLastMove "2007.7.29"]
[Board "3806058"]

1.e4 d5 2.Nc3 d4 3.Nb5 a6 4.Na3 e5 5.g3 Nf6 6.d3 Bxa3 7.bxa3 Bg4 8.Be2 Bxe2 9.Qxe2 O-O 10.Nf3 Nc6 11.O-O Qd7 12.Bb2 b5 13.Kg2 Ne7 14.h3 c5 15.c3 Qc6 16.Nxe5 Qc7 17.cxd4 cxd4 18.Bxd4 Rad8 19.Qe3 Nc8 20.Ng4 Nxg4 21.hxg4 Rd7 22.e5 Ne7 23.Rh1 Nd5 24.Qg5 Re7 25.e6 f6 26.Qh5 g5 27.Rac1 Qb7 28.Bc5 Nf4+ 29.Kf1 Nxh5 30.Rxh5 Rc7 31.e7 Re8 32.d4 Qd5 33.Rh6 Kg7 34.Rh2 Qxa2 35.Rd1 Qc2 36.Re1 Qb3 37.f4 Qxg3 38.Rg2 Qxf4+ 39.Rf2 Qxg4 40.Bd6 Rd7 41.Bc5 Rd5 42.Bb4 Rxd4 43.Bc3 Qh3+ 44.Rg2 Qxc3 45.Ree2 Qf3+ 46.Rgf2 Qh1+ {White king mated} 0-1

[Event "www.ChessWorld.net server game"]
[Site "www.ChessWorld.net "]
[Date "2007.6.10"]
[Round "NA"]
[White "joselito"]
[Black "bob zombie"]
[Result "0-1"]
[Termination "White king mated"]
[WhiteElo "1450"]
[BlackElo "1291"]
[Mode "ICS"]
[DateLastMove "2007.7.11"]
[Board "3806059"]

1.e4 e5 2.Nf3 Bd6 3.Bc4 Qf6 4.O-O Qf4 5.d4 Qxe4 6.Ng5 Qxd4 7.Qf3 Qxc4 8.Nd2 Qf4 9.Nh3 Qxf3 10.Nxf3 Nf6 11.Bg5 e4 12.Nd2 h6 13.Bxf6 gxf6 14.Nxe4 Bb4 15.Nxf6+ Kf8 16.c3 Bc5 17.Rae1 Kg7 18.Nh5+ Kg6 19.N5f4+ Kf6 20.Nd5+ Kg7 21.Nxc7 d6 22.Nxa8 Na6 23.b4 Bxh3 24.bxc5 Be6 25.cxd6 Rxa8 26.Rb1 Nc5 27.Rfe1 Rd8 28.Rb5 b6 29.h4 Rxd6 30.Rb2 Nd3 31.Rbe2 Nxe1 32.Rxe1 a5 33.Rc1 Bxa2 34.g3 a4 35.Kg2 Bb3 36.Kh3 Rd1 37.Rxd1 Bxd1 38.f4 a3 39.c4 a2 40.g4 a1=Q 41.Kg3 Qc3+ 42.Kf2 Qf3+ 43.Kg1 Qg3+ 44.Kf1 Qf3+ 45.Kg1 Be2 46.c5 Qg3+ 47.Kh1 Bf3+ {White king mated} 0-1

[Event "www.ChessWorld.net server game"]
[Site "www.ChessWorld.net "]
[Date "2007.6.10"]
[Round "NA"]
[White "joselito"]
[Black "Cougar40"]
[Result "0-1"]
[Termination "White king mated"]
[WhiteElo "1400"]
[BlackElo "1225"]
[Mode "ICS"]
[DateLastMove "2007.7.28"]
[Board "3806061"]

1.e4 Nh6 2.Qf3 f6 3.Nh3 e5 4.Bc4 Nc6 5.O-O Nd4 6.Qd3 Bc5 7.c3 Ne6 8.Bxe6 dxe6 9.Qxd8+ Kxd8 10.d4 Bb6 11.dxe5 fxe5 12.Bxh6 gxh6 13.Nd2 Rg8 14.Rad1 Bd7 15.Nf3 Rg7 16.Nxe5 Bc5 17.b4 Bd6 18.Nxd7 Kxd7 19.f4 Rag8 20.f5 Rxg2+ 21.Kh1 Rxh2+ {White king mated} 0-1

[Event "www.ChessWorld.net server game"]
[Site "www.ChessWorld.net "]
[Date "2007.6.10"]
[Round "NA"]
[White "joselito"]
[Black "Steve456"]
[Result "0-1"]
[Termination "White resigned"]
[WhiteElo "1396"]
[BlackElo "1588"]
[Mode "ICS"]
[DateLastMove "2007.7.21"]
[Board "3806062"]

1.e4 e5 2.Nf3 Nc6 3.Bc4 h6 4.g3 Bc5 5.Nh4 d6 6.c3 Nf6 7.O-O Bg4 8.Qc2 Qd7 9.a4 a6 10.Ba2 O-O 11.d4 exd4 12.cxd4 Nxd4 13.Qd2 Nxe4 14.Qd1 Bxd1 15.Rxd1 Nc2 16.a5 Nxa1 17.Bd5 Qg4 18.Bxb7 Qxd1+ 19.Kg2 Rab8 20.Bxe4 Qxc1 21.Nc3 Rxb2 22.Nd5 Rxf2+ 23.Kh3 h5 24.Ne7+ Kh8 25.Nhg6+ fxg6 26.Nxg6+ Kg8 27.Ne7+ Kf7 {White resigned} 0-1

[Event "www.ChessWorld.net server game"]
[Site "www.ChessWorld.net "]
[Date "2007.6.12"]
[Round "NA"]
[White "joselito"]
[Black "Luc the Duke"]
[Result "0-1"]
[Termination "White king mated"]
[WhiteElo "1388"]
[BlackElo "1280"]
[Mode "ICS"]
[DateLastMove "2007.8.10"]
[Board "3811435"]

1.e4 e5 2.Bc4 Nf6 3.Qe2 Bc5 4.Nc3 c6 5.Nf3 d6 6.Ng5 O-O 7.O-O h6 8.Bxf7+ Rxf7 9.Nxf7 Kxf7 10.d3 d5 11.Qf3 Bg4 12.Qg3 Na6 13.Qxe5 Nb4 14.a3 Nxc2 15.Rb1 Nd4 16.b4 Bb6 17.Be3 Ne2+ 18.Nxe2 Bxe2 19.Rfe1 Bxd3 20.Rbd1 Bxe4 21.Bxb6 axb6 22.Qb2 Qd6 23.f3 Bf5 24.b5 Qc5+ 25.Kf1 cxb5 26.Rc1 Bd3+ 27.Re2 Bxe2+ 28.Kxe2 Qxa3 29.Qxb5 Qxc1 30.Qxb6 Ra2+ 31.Kd3 Qd2+ {White king mated} 0-1

[Event "www.ChessWorld.net server game"]
[Site "www.ChessWorld.net "]
[Date "2007.6.12"]
[Round "NA"]
[White "joselito"]
[Black "notverydeepblue"]
[Result "0-1"]
[Termination "White resigned"]
[WhiteElo "1381"]
[BlackElo "1373"]
[Mode "ICS"]
[DateLastMove "2007.7.21"]
[Board "3811436"]

1.e4 e5 2.Nf3 Nc6 3.Bb5 Nd4 4.Nxe5 Nxb5 5.Qh5 g6 6.Qf3 Qf6 7.Qxf6 Nxf6 8.O-O d6 9.Nf3 Be6 10.d3 h6 11.a4 d5 12.axb5 dxe4 13.dxe4 Nxe4 14.h3 Bc4 15.Re1 f5 16.b3 Bxb5 17.Nc3 c6 18.Nxe4 fxe4 19.Rxe4+ Be7 20.Nd4 a6 21.Bb2 Rf8 22.Ne6 c5 23.Rg4 Bd7 24.Rxg6 Bxe6 25.Rxe6 h5 26.Rae1 Rf7 27.R1e5 Rd8 28.Rxh5 Rd1+ 29.Kh2 Rd6 30.Rxd6 Bxd6+ 31.g3 Rxf2+ 32.Kg1 Rxc2 33.Bf6 Bxg3 34.Rh8+ Kf7 35.Bg5 Bf2+ 36.Kg2 Bd4+ 37.Kf3 Bxh8 38.Kf4 Rb2 39.Kf5 Rxb3 40.h4 c4 41.h5 c3 42.h6 c2 {White resigned} 0-1

[Event "www.ChessWorld.net server game"]
[Site "www.ChessWorld.net "]
[Date "2007.6.12"]
[Round "NA"]
[White "joselito"]
[Black "Top Kat"]
[Result "0-1"]
[Termination "White king mated"]
[WhiteElo "1452"]
[BlackElo "1345"]
[Mode "ICS"]
[DateLastMove "2007.8.7"]
[Board "3811437"]

1.e4 e5 2.Nf3 f6 3.Bc4 a6 4.O-O g5 5.Nc3 c6 6.d4 d6 7.dxe5 dxe5 8.Qxd8+ Kxd8 9.Be3 Nd7 10.Be6 Nh6 11.h3 Nc5 12.Bxc5 Bxe6 13.Rad1+ Bd7 14.Bb6+ Ke8 15.h4 g4 16.Nh2 Rg8 17.h5 Nf7 18.Be3 b5 19.Ne2 Ng5 20.b3 Nxe4 21.Ng3 Nc3 22.Ra1 b4 23.f3 gxf3 24.Nxf3 Rxg3 25.Rfe1 Bh3 26.Kf2 Rxg2+ 27.Kf1 Rxc2+ 28.Kg1 Rg2+ 29.Kh1 Ne2 30.Ng1 Ng3+ {White king mated} 0-1

[Event "www.ChessWorld.net server game"]
[Site "www.ChessWorld.net "]
[Date "2007.6.12"]
[Round "NA"]
[White "joselito"]
[Black "Ironpig"]
[Result "0-1"]
[Termination "White king mated"]
[WhiteElo "1336"]
[BlackElo "1415"]
[Mode "ICS"]
[DateLastMove "2007.6.28"]
[Board "3811441"]

1.e4 e5 2.Nf3 d6 3.Bc4 h6 4.O-O Nf6 5.d3 Bg4 6.c3 c6 7.d4 Nbd7 8.dxe5 Nxe5 9.Be2 Be6 10.b3 Nxf3+ 11.Bxf3 g6 12.Bb2 Qe7 13.c4 Rd8 14.Nd2 Bg7 15.h3 Qd7 16.Bxf6 Bxf6 17.a4 O-O 18.Bg4 Bxa1 19.Bxe6 fxe6 20.Qxa1 Qg7 21.Qd1 Qd4 22.Qe2 Qb2 23.Rb1 Qa2 24.f3 Rd7 25.Rc1 Qb2 26.Rb1 Qd4+ 27.Kh2 Qe5+ 28.Kg1 Qg3 29.Nf1 Qh4 30.Nd2 e5 31.a5 Rdf7 32.Rf1 Rf4 33.b4 Qg5 34.c5 dxc5 35.bxc5 Rh4 36.g4 Rxh3 37.Qg2 Qh4 38.Nc4 Rg3 39.Nxe5 Rxg2+ 40.Kxg2 Qg5 41.Nd7 Qd2+ 42.Kg3 Qxd7 43.Rh1 Qf7 44.Rxh6 Qxf3+ 45.Kh4 Kg7 46.Kg5 Qf6+ {White king mated} 0-1

[Event "www.ChessWorld.net server game"]
[Site "www.ChessWorld.net "]
[Date "2007.6.12"]
[Round "NA"]
[White "joselito"]
[Black "Cougar40"]
[Result "0-1"]
[Termination "White king mated"]
[WhiteElo "1389"]
[BlackElo "1210"]
[Mode "ICS"]
[DateLastMove "2007.7.26"]
[Board "3811443"]

1.e4 e5 2.Bc4 Qf6 3.Nf3 Qg6 4.O-O Bc5 5.Nxe5 Qxe4 6.Nxf7 Qxc4 7.Nxh8 Nh6 8.d3 Qd5 9.Bxh6 b6 10.Bxg7 Bb7 11.Qe1+ Be7 12.Bf6 Qxg2+ {White king mated} 0-1

[Event "www.ChessWorld.net server game"]
[Site "www.ChessWorld.net "]
[Date "2007.7.20"]
[Round "NA"]
[White "joselito"]
[Black "woodpusher001"]
[Result "0-1"]
[Termination "White resigned"]
[WhiteElo "1426"]
[BlackElo "1457"]
[Mode "ICS"]
[DateLastMove "2007.9.4"]
[Board "3926186"]

1.e4 Nc6 2.Nf3 f6 3.Bc4 e6 4.O-O Bc5 5.d4 Nxd4 6.Nxd4 d5 7.exd5 exd5 8.Bb5+ Bd7 9.Ne6 Qc8 10.Bxd7+ Qxd7 11.Qe2 Be7 12.Nxg7+ Kf7 13.Nh5 Qf5 14.Ng3 Qe5 15.Qxe5 fxe5 16.Nc3 Kg6 17.Nxd5 Bd6 18.Be3 Nf6 19.Nxf6 Kxf6 20.f4 exf4 21.Bxf4 Bxf4 22.Ne4+ Ke5 23.Nc5 Be3+ 24.Kh1 Bxc5 25.Rae1+ Kd6 26.g4 Rhf8 27.Rd1+ Kc6 28.Kg2 Rae8 29.g5 Rxf1 30.Rxf1 Re2+ 31.Kf3 Rxc2 32.Kf4 Rxh2 33.Re1 Bd4 34.Re6+ Kd5 35.Re7 Bxb2 36.Rxc7 Be5+ 37.Kf5 Bxc7 38.a4 Bd8 39.a5 Bxa5 40.Kf6 Bd8+ 41.Kf5 Bxg5 42.Kg4 Be7 43.Kf5 a5 44.Kg4 a4 45.Kg3 a3 46.Kxh2 a2 47.Kg3 a1=Q 48.Kf3 b5 49.Kf4 b4 50.Kf5 b3 51.Kf4 b2 52.Kg4 b1=Q 53.Kf4 Qe5+ 54.Kf3 Qb4 55.Kf2 Qec3 56.Ke2 Qbb2+ {White resigned} 0-1

[Event "www.ChessWorld.net server game"]
[Site "www.ChessWorld.net "]
[Date "2007.7.20"]
[Round "NA"]
[White "joselito"]
[Black "yogi 58"]
[Result "0-1"]
[Termination "White king mated"]
[WhiteElo "1390"]
[BlackElo "1622"]
[Mode "ICS"]
[DateLastMove "2007.7.31"]
[Board "3926187"]

1.e4 e5 2.Bc4 Nf6 3.Nf3 d6 4.d3 h6 5.O-O a6 6.Be3 Nc6 7.c3 Bg4 8.Qb3 Qe7 9.Qxb7 Rb8 10.Qxc6+ Qd7 11.Qxa6 Bxf3 12.gxf3 Be7 13.Na3 Rxb2 14.Bb5 Rxb5 15.Qxb5 c6 16.Qb8+ Bd8 17.Bb6 O-O 18.Rfe1 Nh5 19.Bxd8 Rxd8 20.Qb2 Qh3 21.f4 Nxf4 22.f3 Qxf3 23.h3 Qxh3 24.Rad1 Nxd3 25.Rxd3 Qxd3 26.c4 Re8 27.Nb1 Qg3+ 28.Kf1 Re6 29.Qf2 Rf6 30.Qxf6 gxf6 31.Re2 Qh3+ 32.Rg2+ Kh7 33.a4 Qd3+ 34.Kf2 Qxb1 35.a5 Qa2+ 36.Kf3 Qxa5 37.Kg4 Qd8 38.Rf2 Qd7+ 39.Kh5 Qh3+ {White king mated} 0-1

[Event "www.ChessWorld.net server game"]
[Site "www.ChessWorld.net "]
[Date "2007.7.20"]
[Round "NA"]
[White "joselito"]
[Black "damnyoubrain"]
[Result "0-1"]
[Termination "White king mated"]
[WhiteElo "1511"]
[BlackElo "1430"]
[Mode "ICS"]
[DateLastMove "2007.12.17"]
[Board "3926189"]

1.e4 e5 2.Nf3 Nc6 3.Bc4 h6 4.O-O g6 5.b3 Nf6 6.Bb2 Bd6 7.Nc3 Na5 8.Nd5 Nxc4 9.bxc4 c6 10.Nxf6+ Qxf6 11.d3 O-O 12.d4 exd4 13.Bxd4 Qe6 14.Qd2 c5 15.Bb2 b6 16.Qc3 f6 17.h3 Bb7 18.e5 fxe5 19.Nh4 Qf6 20.Nf3 Bxf3 21.Qxf3 Qxf3 22.gxf3 Rxf3 23.Rad1 Be7 24.Rxd7 Bf6 25.Re1 Rxh3 26.Kg2 Rh5 27.Red1 Rg5+ 28.Kf1 a5 29.Rb7 Rf8 30.Rdd7 Rf5 31.Rxb6 h5 32.Ba3 Rc8 33.Bxc5 e4 34.Ke2 h4 35.Rbb7 Rh5 36.Be7 Bh8 37.Rd8+ Rxd8 38.Bxd8 h3 39.Rb1 h2 40.Rh1 Be5 41.Bxa5 Rg5 42.Rxh2 Bxh2 43.Ke3 Rxa5 44.Kxe4 g5 45.Kf3 g4+ 46.Kxg4 Rc5 47.f4 Rxc4 48.Kg5 Rxc2 49.f5 Rxa2 50.Kg6 Be5 51.f6 Rf2 52.f7+ Rxf7 53.Kg5 Kg7 54.Kh5 Rf6 55.Kg5 Bf4+ 56.Kg4 Kg6 57.Kf3 Kg5 58.Ke4 Rf5 59.Kf3 Bc1+ 60.Ke4 Kg4 61.Kd4 Kf4 62.Kc4 Ke4 63.Kc3 Rc5+ 64.Kb3 Kd4 65.Kb4 Bd2+ 66.Kb3 Rc4 67.Kb2 Rb4+ 68.Kc2 Bc3 69.Kd1 Ke3 70.Kc2 Rc4 71.Kb3 Kd3 72.Ka2 Kc2 73.Ka3 Rb4 74.Ka2 Ra4+ {White king mated} 0-1

[Event "www.ChessWorld.net server game"]
[Site "www.ChessWorld.net "]
[Date "2007.7.20"]
[Round "NA"]
[White "joselito"]
[Black "SpartanWarrior"]
[Result "0-1"]
[Termination "White resigned"]
[WhiteElo "1361"]
[BlackElo "1495"]
[Mode "ICS"]
[DateLastMove "2007.8.14"]
[Board "3926192"]

1.e4 c5 2.Bc4 e6 3.Nf3 f6 4.Nh4 a6 5.O-O b5 6.Be2 Ne7 7.Bh5+ g6 8.Bg4 f5 9.exf5 Nxf5 10.Bxf5 Qg5 11.g3 gxf5 12.d4 Qg7 13.dxc5 Nc6 14.Qh5+ Kd8 15.Bg5+ Be7 16.Bxe7+ Nxe7 17.Nc3 Bb7 18.Rfe1 b4 19.Na4 Rc8 20.Qd1 Nd5 21.Nb6 Rxc5 22.c3 Nxb6 23.cxb4 Rd5 24.Qf3 Nc4 25.b3 Ne5 26.Qe2 Rg8 27.Rac1 Ng6 28.Nxg6 Qxg6 29.a4 h5 30.b5 axb5 31.axb5 f4 32.b6 Rd6 33.Qb5 e5 34.Qc4 Rc6 35.Qa4 h4 36.Qa7 Kc8 37.Rxe5 Rxc1+ {White resigned} 0-1

[Event "www.ChessWorld.net server game"]
[Site "www.ChessWorld.net "]
[Date "2007.7.27"]
[Round "NA"]
[White "joselito"]
[Black "hardstyle"]
[Result "0-1"]
[Termination "White resigned"]
[WhiteElo "1546"]
[BlackElo "2324"]
[Mode "ICS"]
[DateLastMove "2007.11.21"]
[Board "3947381"]

1.e4 Nc6 2.Nf3 Nf6 3.Nc3 d5 4.Bb5 dxe4 5.Ng5 h6 6.Ngxe4 Nxe4 7.Nxe4 Qd5 8.Bxc6+ Qxc6 9.d3 Bf5 10.O-O Bxe4 11.dxe4 Qxe4 12.Re1 Qc6 13.b3 e6 14.Bb2 Rd8 15.Qg4 Rd5 16.Bxg7 Rg8 17.Rxe6+ Qxe6 18.Qxe6+ fxe6 19.Bxf8 Rxf8 20.g3 Rd2 21.Rc1 Rfxf2 22.h4 Rxc2 23.Rxc2 Rxc2 24.a4 Kf7 25.g4 Kf6 26.g5+ hxg5 27.h5 g4 28.h6 Kg6 29.h7 Kxh7 30.b4 Kg6 31.a5 Kf5 32.b5 Kf4 33.Kf1 g3 34.Kg1 Kf3 {White resigned} 0-1